Statistiques concernant Les 50... Actrices de cinéma français

Cliquez ici pour prendre le quiz!

Statistiques générales

  • Ce quiz a été pris 465 fois
  • Le résultat moyen est 23 sur 50

Statistiques - réponses

Réponse% Correct
Marion Cotillard
95%
Virginie Effira
92%
Sophie Marceau
91%
Alexandra Lamy
83%
Catherine Deneuve
83%
Isabelle Adjani
77%
Audrey Fleurot
76%
Camille Cottin
76%
Audrey Tautou
74%
Adèle Exarchopoulos
72%
Josiane Balasko
69%
Leila Bekhti
67%
Géraldine Nakache
64%
Léa Seydoux
63%
Marina Foïs
63%
Isabelle Huppert
56%
Sandrine Kiberlain
54%
Mélanie Laurent
52%
Emmanuelle Béart
50%
Nathalie Baye
49%
Fanny Ardant
45%
Julie Gayet
45%
Juliette Binoche
45%
Miou Miou
44%
Maïwenn
43%
Bérénice Bejo
41%
Marion Game
41%
Carole Bouquet
40%
Catherine Frot
40%
Karine Viard
39%
Ana Girardot
36%
Elodie Fontan
36%
Claire Keim
34%
Simone Signoret
34%
Frederique Bel
33%
Valérie Bonneton
33%
Charlotte de Turckheim
29%
Vanessa Demouy
26%
Virginie Ledoyen
24%
Sabrina Ouazani
23%
Elsa Zylberstein
21%
Alice David
20%
Camille Chamoux
20%
Clotilde Courau
19%
Emmanuelle Devos
19%
Marthe Villalonga
18%
Emma de Caunes
15%
Mélanie Doutey
15%
Manon Azem
13%
Claudia Cardinale
8%

Distribution des résultats

Percentile par nombre de réponses

% des personnes avec chaque résultat

Votre développement - résultats

Vous n’avez pas pris ce quiz